| 000 | 00944cam a22002651 4500 | ||
|---|---|---|---|
| 001 | 33872 | ||
| 005 | 20230410101719.0 | ||
| 008 | 740822s1934 meuahf 000 0 eng | ||
| 035 | _9(DLC) 34023300 | ||
| 035 | _a9230057 | ||
| 010 | _a34023300 | ||
| 035 | _a(OCoLC)987737 | ||
| 040 |
_aDLC _cOU _dNN _dDLC |
||
| 050 | 1 | 4 |
_a110 PQ 3946 _bU56p 1934 |
| 082 | _a841.0822 | ||
| 100 | 1 |
_aUnderwood, Edna Worthley, _d1873- |
|
| 245 | 1 | 4 |
_aThe poets of Haiti, 1782-1934 / _ctranslated by Edna Worthley Underwood; woodcuts by Pétion Savain; glossary by Charles F. Pressoir. |
| 260 |
_aPortland, Me. : _bThe Mosher Press, _c1934. |
||
| 300 |
_axlii, 159 p., 1 l. _billus., pl., facsim. _c19 cm. |
||
| 500 | _aIncludes short biographical sketches of the poets. | ||
| 650 | 0 |
_aHaitian poetry _xTranslations into English. |
|
| 650 | 0 |
_aHaitian poetry (French Creole) _xTranslations into English. |
|
| 942 |
_2lcc _cbk |
||
| 985 | _eOCLC REPLACEMENT | ||
| 999 |
_c12625 _d12625 |
||